000 01373cam a22003374a 4500
001 14735167
003 OSt
005 20160601135007.0
008 070215s2007 vaua b 001 0 eng
010 _a 2007005994
020 _a9781416605713 (pbk. : alk. paper)
040 _aDLC
_cDLC
_dDLC
042 _apcc
043 _an-us---
050 0 0 _aLB 1025.3
_b.M3387 2007
082 0 0 _aGLT 371.102
_bMAR 2007
100 1 _aMarzano, Robert J.
_922370
245 1 4 _aThe art and science of teaching : a comprehensive framework for effective instruction /
_cRobert J. Marzano.
260 _aAlexandria, Va. :
_bAssociation for Supervision and Curriculum Development,
_c2007.
300 _a221 p. :
_bill. ;
_c23 cm.
500 _aIncludes bibliographical references (p. 193-212) and index.
650 0 _aEffective teaching
_zUnited States.
_922505
650 0 _aClassroom management
_zUnited States.
_922506
650 0 _aTeaching
_xAids and devices.
_922507
650 0 _aLearning, Psychology of.
_923
856 4 1 _3Table of contents only
_uhttp://www.loc.gov/catdir/toc/ecip0711/2007005994.html
906 _a7
_bcbc
_corignew
_d1
_eecip
_f20
_gy-gencatlg
942 _2lcc
_cBK
999 _c12544
_d12544